00875nam a2200217 a 450000100060000000300090000600800410001502000150005604000280007108200240009910000240012324500570014726000500020430000100025450501550026465000600041965000610047965000510054065000370059165000290062822744CO-ViMGA141112s2004 ck r 000 u spa d a958806031X aCO-ViMGAbspacCO-ViMGA04aMEVIECAR.6424 R653a1 aRomero Monje, Fabio10aAutoCad 2000 - 2000i - 2002 : bManual de ejercicios aColombia : bEscuela colombiana de Ingenieria a210p. aConceptos basico, Construcciones geometricas, Creacion de textos, Edicion de objetos, Uso de referencias externas, Operaciones matematicas, Solidos 3D14aAUTO CAD LT 2000 ( PROGRAMAS PARA COMPUTADOR) - MANUAL 14aAUTO CAD LT 2000i ( PROGRAMAS PARA COMPUTADOR) - MANUAL 14aAUTO CAD LT 2002 ( PROGRAMAS PARA COMPUTADOR) 14aDISEÑO CON AYUDA DE COMPUTADOR14aGRAFICOS POR COMPUTADOR